1094 1831 1743 1297 1504 1533 1249 1941 1341 1289 1590 1725 1302 1588 1816 1721 1159 1224 1851 1707 1296 1677 1514 1350 1208 1463 1112 1093 1875 1080 1325 1602 1353 1387 1347 1559 1334 1189 1853 1704 1178 1860 1354 1706 1635 1921 1587 1444 1348 1144 1926 1338 1939 1108 1067 1853 1979 1535 1666 1562 1026 1261 1003 1553 1537 1046 1400 1723 1914 1129 1644 1225 1695 1956 1000 1662 2000 1640 1628 1354 1891 1628 1787 1629 1183 1680 1741 1450 1665 1796 1923 1692 1379 1925 1526 1172 1681 1707 1151 BCNSPRNW ULIB Ver.6.0+V

เปลี่ยนเป็นภาษาไทย

Change to English
 แสดงรายละเอียดบรรณานุกรม
  กลับหน้าหลัก

Brief Record : Get Marc (ISO 2709) : E-mail record : QR code < ปิดหน้าต่าง
LEADER : 00000nam 2200000uu 4500
001    13399127713
003     ULIB
008    020711s2563 th a 000 0 tha d
020    ^a9786165657259
050    ^aBQ294พ392ค
100    ^aพระไพศาล วิสาโล
245    ^aคะนึงจิต พินิจโลก
250    ^aพิมพ์ครั้งที่ 1
260    ^aนนทบุรี :^bภาพพิมพ์,^c2563
300    ^a208 หน้า;^b19 ซม.
650    ^aธรรมะกับชีวิตประจำวัน
945    ^p0^l0^i008038
999    ^aประนอม เกษจรัล
รายการนี้ยังไม่มีแท็ก
คุณยังไม่ได้ล็อกอิน คุณสามารถมีกิจกรรมร่วมกับเว็บไซต์ได้ แต่ต้องล็อกอินก่อน ::
  ล็อกอิน

รายการสื่อสารสนเทศ

ลำดับที่ ประเภท เลขเรียก/บาร์โค้ด สถานที่ สถานะ
1. การศึกษาทั่วไป
การศึกษาทั่วไป
BQ294พ392ค ฉ.1 
  Barcode: 008038
ห้องสมุดวิทยาเขตสวรรค์ประชารักษ์
►หนังสือทั่วไป
บนชั้น

รายการใกล้เคียง
    ผู้แต่ง [พระไพศาล วิสาโล]

    หัวเรื่อง [ธรรมะกับชีวิตประจำวัน]

BibComment


ยังไม่เคยถูกคอมเมนท์

คอมเมนท์ทรัพยากรรายการนี้
  คอมเมนท์: คะนึงจิต พินิจโลก


 Copyright 2026. Bcnsprnw @Library